000
00252nam a2200097Ia 4500
001
1253357
005
20251031150952.0
008
251031s9999 xx 000 0 und d
245
0
_c
İLBER ORTAYLI
_a
Y-3 TÜRKLERİN TARİHİ
260
_b
TİMAŞ YAYINLARI
999
_c
1253357
_d
1253357